000 00541nam a2200181 i 4500
001 14014
003 ES-MaACL
005 20230906150717.0
007 t|
008 980908s1987 fr ||||1| fre d
020 _a2-7143-0201-7
080 _a821.133.1-82"19"
100 1 _aPéret, Benjamin.
_990533
245 1 0 _aOeuvres complètes.
_pTome 4
_b: contes, oeuvres en collaboration /
_cBenjamin Péret.
260 _aParis :
_bLibrairie José Corti,
_c1987.
300 _a304 p. :
_bil. ;
_c24 cm.
852 _aES-MaACL
_jL-21299
_bR.116269
999 _c14014
_d14014